000 00379nam a2200157Ia 4500
008 230312s9999||||xx |||||||||||||| ||und||
020 _a81-317-1383-9
082 _a621.38
_bEDD-R
100 _aEdde,Byron
245 0 _aRadar
260 _bPearson Education
_aIndia
_c2008
300 _a731
546 _aEng.
650 _aEngineering
_vRadar Fundamentals,Equation
942 _cBK
999 _c1543
_d1543